|
|
|
|
| LEADER |
00000nab a2200000 a 4500 |
| 001 |
vtls008981938 |
| 003 |
SK-MaSNL |
| 005 |
20260303065156.0 |
| 008 |
051114 1977 xo 000 0 slo |
| 015 |
|
|
|a SNBRB1977
|
| 040 |
|
|
|a SNKBUCL
|b slo
|c SNKBUCL
|e AACR2
|
| 041 |
0 |
|
|a slo
|
| 044 |
|
|
|a xo
|c SK
|
| 080 |
|
|
|a 330.526.36
|2 2001
|
| 100 |
1 |
|
|a Čapek, Mikuláš
|4 aut
|9 522413
|
| 245 |
1 |
0 |
|a Mier, dorozumenia a spolupráca.
|b z XXVI Medzinárodného družstevného zväzu
|c Mikuláš Čapek
|
| 300 |
|
|
|b Obr.
|
| 610 |
2 |
7 |
|a Medzinárodný družstevný zväz
|2 snkbucl
|9 18928
|
| 650 |
0 |
7 |
|a družstvá
|2 snkbucl
|9 2107
|
| 773 |
0 |
|
|t Družstevné noviny
|g Roč. 32, č. 4 (1977), s. 6
|
| 999 |
|
|
|c 1750141
|d 1752071
|